| 000 | 00506cam a2200181 a 4500 | ||
|---|---|---|---|
| 001 | 000018784 | ||
| 005 | 20200929165846.0 | ||
| 008 | 840503s1968 gw 000 0 ger d | ||
| 040 |
_aDO-SdBNP _bBNPHU _cLC _dBNPHU |
||
| 050 | 0 | 0 |
_aPT2664.O53 _bN8 |
| 082 |
_ann* _bnn* |
||
| 100 | 1 |
_aDomin, Hilde. _940512 |
|
| 245 | 1 | 0 |
_aNur eine Rose als stütze / _cHilde Domin. |
| 260 |
_aFrankfurt am Main : _bS. Fischer, _c1968. |
||
| 300 |
_a83 p. ; _c22 cm. |
||
| 910 | _aCatalogación derivada / LC | ||
| 049 | _aBNGR | ||
| 999 |
_c18304 _d18304 |
||